000 00382cam a2200169ua 4500
001 8353
008 060101n1995 II |||gr||||Z||||||eng
040 _aMAIN
041 _aEnglish
082 _a823 DEF
100 _aDEFOE, DANIEL.
245 _aROBINSON CRUSOE
260 _aNEW DELHI:
_bRAMA BROTHERS,
_c1997.
300 _a210:
_c21CM.
653 _aEnglish fiction
942 _cBK
999 _c8330
_d8330